<?xml version="1.0" encoding="UTF-8"?>
<record
    xmlns:xsi="http://www.w3.org/2001/XMLSchema-instance"
    xsi:schemaLocation="http://www.loc.gov/MARC21/slim http://www.loc.gov/standards/marcxml/schema/MARC21slim.xsd"
    xmlns="http://www.loc.gov/MARC21/slim">

  <leader>00545nam a22001937a 4500</leader>
  <controlfield tag="005">20260220102808.0</controlfield>
  <controlfield tag="008">250508b        |||||||| |||| 00| 0 eng d</controlfield>
  <datafield tag="020" ind1=" " ind2=" ">
    <subfield code="a">978-93-92242-91-5</subfield>
  </datafield>
  <datafield tag="041" ind1=" " ind2=" ">
    <subfield code="a">English </subfield>
  </datafield>
  <datafield tag="082" ind1=" " ind2=" ">
    <subfield code="a">AD 610.7 BAL DB1342</subfield>
  </datafield>
  <datafield tag="100" ind1=" " ind2=" ">
    <subfield code="a">Balasubramanian N.</subfield>
  </datafield>
  <datafield tag="245" ind1=" " ind2=" ">
    <subfield code="a">Textbook of Educational Technology/Nursing Education for BSc Nursing Students</subfield>
  </datafield>
  <datafield tag="250" ind1=" " ind2=" ">
    <subfield code="a">1st Edition</subfield>
  </datafield>
  <datafield tag="260" ind1=" " ind2=" ">
    <subfield code="b">VHS Publishers</subfield>
    <subfield code="c">2023</subfield>
    <subfield code="a">Punjab</subfield>
  </datafield>
  <datafield tag="300" ind1=" " ind2=" ">
    <subfield code="a">392p</subfield>
  </datafield>
  <datafield tag="365" ind1=" " ind2=" ">
    <subfield code="b">Rs. 575.00</subfield>
  </datafield>
  <datafield tag="651" ind1=" " ind2=" ">
    <subfield code="a">Nursing Education</subfield>
    <subfield code="9">206187</subfield>
  </datafield>
  <datafield tag="942" ind1=" " ind2=" ">
    <subfield code="c">DB</subfield>
  </datafield>
  <datafield tag="999" ind1=" " ind2=" ">
    <subfield code="c">366264</subfield>
    <subfield code="d">366264</subfield>
  </datafield>
  <datafield tag="952" ind1=" " ind2=" ">
    <subfield code="0">0</subfield>
    <subfield code="1">0</subfield>
    <subfield code="2">ddc</subfield>
    <subfield code="4">0</subfield>
    <subfield code="7">0</subfield>
    <subfield code="a">BTIN</subfield>
    <subfield code="b">BTIN</subfield>
    <subfield code="d">2025-06-04</subfield>
    <subfield code="g">575.00</subfield>
    <subfield code="i">IK#2025-26#550</subfield>
    <subfield code="l">5</subfield>
    <subfield code="m">4</subfield>
    <subfield code="o">AD 610.7 BAL DB1342</subfield>
    <subfield code="p">BTIN-DB-1342</subfield>
    <subfield code="r">2026-01-13 11:22:55</subfield>
    <subfield code="s">2025-12-24</subfield>
    <subfield code="w">2025-06-04</subfield>
    <subfield code="y">DB</subfield>
    <subfield code="z">DB1342</subfield>
  </datafield>
  <datafield tag="952" ind1=" " ind2=" ">
    <subfield code="0">0</subfield>
    <subfield code="1">0</subfield>
    <subfield code="2">ddc</subfield>
    <subfield code="4">0</subfield>
    <subfield code="7">0</subfield>
    <subfield code="a">SNCN</subfield>
    <subfield code="b">SNCN</subfield>
    <subfield code="d">2025-09-25</subfield>
    <subfield code="e">108</subfield>
    <subfield code="g">416.50</subfield>
    <subfield code="l">1</subfield>
    <subfield code="o">610.7/BAL</subfield>
    <subfield code="p">SNCN-BK-3596</subfield>
    <subfield code="r">2025-10-16 14:39:30</subfield>
    <subfield code="s">2025-10-08</subfield>
    <subfield code="v">595.00</subfield>
    <subfield code="w">2025-09-25</subfield>
    <subfield code="y">BK</subfield>
  </datafield>
  <datafield tag="952" ind1=" " ind2=" ">
    <subfield code="0">0</subfield>
    <subfield code="1">0</subfield>
    <subfield code="2">ddc</subfield>
    <subfield code="4">0</subfield>
    <subfield code="7">0</subfield>
    <subfield code="a">SNCN</subfield>
    <subfield code="b">SNCN</subfield>
    <subfield code="d">2025-09-25</subfield>
    <subfield code="e">108</subfield>
    <subfield code="g">416.50</subfield>
    <subfield code="l">6</subfield>
    <subfield code="o">610.7/BAL</subfield>
    <subfield code="p">SNCN-BK-3595</subfield>
    <subfield code="q">2026-05-28</subfield>
    <subfield code="r">2026-05-13 06:03:53</subfield>
    <subfield code="s">2026-05-13</subfield>
    <subfield code="v">595.00</subfield>
    <subfield code="w">2025-09-25</subfield>
    <subfield code="y">BK</subfield>
  </datafield>
  <datafield tag="952" ind1=" " ind2=" ">
    <subfield code="0">0</subfield>
    <subfield code="1">0</subfield>
    <subfield code="2">ddc</subfield>
    <subfield code="4">0</subfield>
    <subfield code="7">0</subfield>
    <subfield code="a">SNCN</subfield>
    <subfield code="b">SNCN</subfield>
    <subfield code="d">2025-09-25</subfield>
    <subfield code="e">108</subfield>
    <subfield code="g">416.50</subfield>
    <subfield code="l">0</subfield>
    <subfield code="o">610.7/BAL</subfield>
    <subfield code="p">SNCN-BK-3597</subfield>
    <subfield code="r">2025-09-25 00:00:00</subfield>
    <subfield code="v">595.00</subfield>
    <subfield code="w">2025-09-25</subfield>
    <subfield code="y">BK</subfield>
  </datafield>
  <datafield tag="952" ind1=" " ind2=" ">
    <subfield code="0">0</subfield>
    <subfield code="1">0</subfield>
    <subfield code="2">ddc</subfield>
    <subfield code="4">0</subfield>
    <subfield code="7">0</subfield>
    <subfield code="a">SNCN</subfield>
    <subfield code="b">SNCN</subfield>
    <subfield code="d">2025-09-25</subfield>
    <subfield code="e">108</subfield>
    <subfield code="g">416.50</subfield>
    <subfield code="l">7</subfield>
    <subfield code="o">610.7/BAL</subfield>
    <subfield code="p">SNCN-BK-3594</subfield>
    <subfield code="r">2026-05-12 07:51:56</subfield>
    <subfield code="s">2026-02-26</subfield>
    <subfield code="v">595.00</subfield>
    <subfield code="w">2025-09-25</subfield>
    <subfield code="y">BK</subfield>
  </datafield>
  <datafield tag="952" ind1=" " ind2=" ">
    <subfield code="0">0</subfield>
    <subfield code="1">0</subfield>
    <subfield code="2">ddc</subfield>
    <subfield code="4">0</subfield>
    <subfield code="7">0</subfield>
    <subfield code="a">SNCN</subfield>
    <subfield code="b">SNCN</subfield>
    <subfield code="d">2025-09-25</subfield>
    <subfield code="e">108</subfield>
    <subfield code="g">416.50</subfield>
    <subfield code="l">3</subfield>
    <subfield code="o">610.7/BAL</subfield>
    <subfield code="p">SNCN-BK-3593</subfield>
    <subfield code="r">2026-05-14 10:01:30</subfield>
    <subfield code="s">2026-02-17</subfield>
    <subfield code="v">595.00</subfield>
    <subfield code="w">2025-09-25</subfield>
    <subfield code="y">BK</subfield>
  </datafield>
</record>
